<?xml version="1.0" encoding="UTF-8"?>
<record
    xmlns:xsi="http://www.w3.org/2001/XMLSchema-instance"
    xsi:schemaLocation="http://www.loc.gov/MARC21/slim http://www.loc.gov/standards/marcxml/schema/MARC21slim.xsd"
    xmlns="http://www.loc.gov/MARC21/slim">

  <leader>01293nam a2200145   4500</leader>
  <controlfield tag="008">180912b        xxu||||| |||| 00| 0 eng d</controlfield>
  <datafield tag="020" ind1=" " ind2=" ">
    <subfield code="a">9789855767171</subfield>
  </datafield>
  <datafield tag="082" ind1=" " ind2=" ">
    <subfield code="a">770.986.1</subfield>
    <subfield code="b">R918a</subfield>
  </datafield>
  <datafield tag="100" ind1=" " ind2=" ">
    <subfield code="a">Rueda Fajardo, Santiago</subfield>
    <subfield code="9">6661</subfield>
  </datafield>
  <datafield tag="245" ind1=" " ind2=" ">
    <subfield code="a">Autorretrato disfrazado de artista:</subfield>
    <subfield code="b">arte conceptual y fotograf&#xED;a en Colombia en los a&#xF1;os setenta</subfield>
  </datafield>
  <datafield tag="260" ind1=" " ind2=" ">
    <subfield code="a">Colombia</subfield>
    <subfield code="b">Editorial la bachu&#xE9;</subfield>
    <subfield code="c">2017</subfield>
  </datafield>
  <datafield tag="300" ind1=" " ind2=" ">
    <subfield code="a">324 p.</subfield>
    <subfield code="b">ill</subfield>
    <subfield code="c">29 x 24 cm</subfield>
  </datafield>
  <datafield tag="505" ind1=" " ind2=" ">
    <subfield code="t">introducci&#xF3;n</subfield>
    <subfield code="t">los a&#xF1;os sesenta a las pr&#xE1;cticas experimentales</subfield>
    <subfield code="t">la d&#xE9;cada del setenta: dos docenas de ciudades llenas de inmigrantes en busca de oficio</subfield>
    <subfield code="t">fotorrealismos</subfield>
    <subfield code="t">la noche (sur) americana: &#xBF;qu&#xE9; fue el fotoconceptualismo colombiano?</subfield>
    <subfield code="t">no tengo memoria para lo inolvidable: jaime ardila</subfield>
    <subfield code="t">el artista es un inversionista en valores creativos y no un expendedor de material procesado: camilo lleras</subfield>
    <subfield code="t">miguel &#xE1;ngel rojas y la v&#xED;a l&#xE1;ctea</subfield>
    <subfield code="t">&#xF3;scar monsalve: el ladrillo como c&#xE9;dula de la ciudad</subfield>
    <subfield code="t">calicalabozo: el contenido yace en el registro</subfield>
    <subfield code="t">caribe conceptual: encore &#xE0; cet astre</subfield>
    <subfield code="t">medell&#xED;n te ve: jorge ortiz, luis fernando valencia y juan camilo uribe</subfield>
    <subfield code="t">el fin de un amor (en la era del color)</subfield>
    <subfield code="t">entrevistas</subfield>
    <subfield code="t">bibliograf&#xED;a, libros y cap&#xED;tulos de libro</subfield>
    <subfield code="t">biograf&#xED;a del autor</subfield>
  </datafield>
  <datafield tag="650" ind1=" " ind2=" ">
    <subfield code="x">fotograf&#xED;a</subfield>
    <subfield code="x">Colombia</subfield>
    <subfield code="y">Siglo XX</subfield>
    <subfield code="y">Arte conceptual</subfield>
    <subfield code="9">6666</subfield>
  </datafield>
  <datafield tag="999" ind1=" " ind2=" ">
    <subfield code="c">1611</subfield>
    <subfield code="d">1611</subfield>
  </datafield>
  <datafield tag="952" ind1=" " ind2=" ">
    <subfield code="0">0</subfield>
    <subfield code="1">0</subfield>
    <subfield code="2">ddc</subfield>
    <subfield code="4">0</subfield>
    <subfield code="7">0</subfield>
    <subfield code="a">LV</subfield>
    <subfield code="b">LV</subfield>
    <subfield code="c">Monograf&#xED;as</subfield>
    <subfield code="d">2018-09-12</subfield>
    <subfield code="l">0</subfield>
    <subfield code="o">770.986.1 R918a</subfield>
    <subfield code="p">002169</subfield>
    <subfield code="r">2018-09-12 00:00:00</subfield>
    <subfield code="w">2018-09-12</subfield>
    <subfield code="y">01</subfield>
  </datafield>
</record>
